00401nam a2200121Ia 4500008004100000082002100041100001900062245005100081260003900132365000600171630005100177730005100228100415s9999 xx 000 0 und d b12395a599.74442 aGreiner James aThe Red Snow : Astory of the Alaskan Grey Wolf aNEW YORKc1980bST. MARTIN,S PRESS b0 aThe Red Snow : Astory of the Alaskan Grey Wolf aThe Red Snow : Astory of the Alaskan Grey Wolf